Introduction to Human Factors and Ergonomics (Record no. 12875)

000 -LEADER
fixed length control field 00401 a2200169 4500
003 - CONTROL NUMBER IDENTIFIER
control field OSt
005 - DATE AND TIME OF LATEST TRANSACTION
control field 20240802151816.0
008 - FIXED-LENGTH DATA ELEMENTS--GENERAL INFORMATION
fixed length control field 240802b ||||| |||| 00| 0 eng d
020 ## - INTERNATIONAL STANDARD BOOK NUMBER
International Standard Book Number 9781138582897
082 ## - DEWEY DECIMAL CLASSIFICATION NUMBER
Classification number 620.82
100 ## - MAIN ENTRY--PERSONAL NAME
Personal name Robert Bridger
245 ## - TITLE STATEMENT
Title Introduction to Human Factors and Ergonomics
250 ## - EDITION STATEMENT
Edition statement 4th
260 ## - PUBLICATION, DISTRIBUTION, ETC. (IMPRINT)
Name of publisher, distributor, etc Taylor & Francis
Date of publication, distribution, etc 2018
300 ## - PHYSICAL DESCRIPTION
Extent 719p;
942 ## - ADDED ENTRY ELEMENTS (KOHA)
Source of classification or shelving scheme
Holdings
Withdrawn status Lost status Source of classification or shelving scheme Damaged status Koha normalized classification for sorting Not for loan Permanent location Current location Date acquired Source of acquisition Cost, normal purchase price Full call number Barcode Date last seen Cost, replacement price Price effective from Koha item type
        620_820000000000000   BMS College of Architecture, Design and Planning BMS College of Architecture, Design and Planning 2024-08-02 1 821.25 620.82 AR-UG4110 2024-08-02 1095.00 2024-08-02 B.Design
        620_820000000000000   BMS College of Architecture, Design and Planning BMS College of Architecture, Design and Planning 2024-08-02 1 821.25 620.82 AR-UG4109 2024-08-02 1095.00 2024-08-02 B.Design
Copyright © 2025, The Librarian, Library and Information Centre, BMSCA D&P, Bengaluru. All Rights Reserved
web counter

Powered by Koha